Practical exercises in microelectronics/ (Record no. 9486)

MARC details
000 -LEADER
fixed length control field 00529nam a22001937a 4500
003 - CONTROL NUMBER IDENTIFIER
control field OSt
005 - DATE AND TIME OF LATEST TRANSACTION
control field 20241128094241.0
008 - FIXED-LENGTH DATA ELEMENTS--GENERAL INFORMATION
fixed length control field 241128b |||||||| |||| 00| 0 eng d
020 ## - INTERNATIONAL STANDARD BOOK NUMBER
International Standard Book Number 0748713050
040 ## - CATALOGING SOURCE
Transcribing agency must
082 ## - DEWEY DECIMAL CLASSIFICATION NUMBER
Edition number 621.38
100 ## - MAIN ENTRY--PERSONAL NAME
Relator code Turner,David
245 ## - TITLE STATEMENT
Title Practical exercises in microelectronics/
Statement of responsibility, etc. David Turner
260 ## - PUBLICATION, DISTRIBUTION, ETC. (IMPRINT)
Place of publication, distribution, etc. Britain:
Name of publisher, distributor, etc. Stanely Thornes;
Date of publication, distribution, etc. c1992.
300 ## - PHYSICAL DESCRIPTION
Extent x,134p.;
Other physical details ill.:
Dimensions 26cm.
500 ## - GENERAL NOTE
General note Icludes index
650 ## - SUBJECT ADDED ENTRY--TOPICAL TERM
Source of heading or term practical exercises in Microelectronics.
942 ## - ADDED ENTRY ELEMENTS (KOHA)
Source of classification or shelving scheme Dewey Decimal Classification
Koha item type Book Bank
Holdings
Withdrawn status Lost status Source of classification or shelving scheme Damaged status Not for loan Home library Current library Date acquired Source of acquisition Inventory number Total Checkouts Barcode Date last seen Price effective from Koha item type
    Other/Generic Classification Scheme     MUST Main Library MUST Main Library 28/11/2024 donation 97/10522   2024-22578 28/11/2024 28/11/2024 Book Bank